Scene Design Art and Craft (Record no. 2484)

MARC details
000 -LEADER
fixed length control field 00305nam a22001217a 4500
008 - FIXED-LENGTH DATA ELEMENTS--GENERAL INFORMATION
fixed length control field 250319b |||||||| |||| 00| 0 eng d
100 ## - MAIN ENTRY--AUTHOR
Author ASOMBA, Domba
245 ## - TITLE STATEMENT
Title Scene Design Art and Craft
260 ## - PUBLICATION, DISTRIBUTION, ETC. (IMPRINT)
Place of publication Ibadan
Name of publisher Cahop Publishing Nig. Ltd
Date of publication 2001
300 ## - COLLATION
Pagination 203p.
942 ## - ADDED ENTRY ELEMENTS (KOHA)
Item type Books
050 ## - LIBRARY OF CONGRESS CALL NUMBER
Classification number PN1590
Item number .A86
Holdings
Source of classification or shelving scheme Not for loan Permanent location Current location Date acquired Accession No. Full call number Barcode. Koha item type
Library of Congress Classification   Samuel Ogbemudia Main Library, University of Abuja Samuel Ogbemudia Main Library, University of Abuja 03/19/2025 2002/24194 PN1590.A86 2025-0754 Books